الأطفال الكادحون : (Record no. 30015)
[ view plain ]
| 000 -الفاتح | |
|---|---|
| حقل البيانات ثابتة الطول | 00863nac a22002411u 4500 |
| 003 - محدد رقم الضبط | |
| رقم الضبط | EG-ScBUE |
| 005 - وقت وتاريخ اخر تعامل مع التسجيلة | |
| رقم الضبط | 20221122142927.0 |
| 008 - عناصر البيانات ثابتة الطول - معلومات عامة | |
| حقل البيانات ثابتة الطول | 090317s1995 ua f 000 0 ara d |
| 017 ## - رقم الإيداع القانونى | |
| رقم الإيداع القانونى | 95 / 4763 |
| 020 ## - الرقم الدولى المعيارى للكتب | |
| الرقم الدولى المعيارى للكتاب | 977009893 |
| 040 ## - مصدر الفهرسة | |
| وكالة الفهرسة الأصلية | EG-ScBUE |
| لغة الفهرسة | ara |
| قواعد الوصف | rda |
| وكالة النسخ | EG-ScBUE |
| وكالة التعديل | EG-ScBUE |
| 043 ## - رمز المنطقة الجغرافية | |
| رمز المنطقة الجغرافية | f-ua--- |
| 082 04 - رقم تصنيف ديوى العشرى | |
| رقم التصنيف | 331.310962 |
| رقم المادة | ع ب د |
| رقم الطبعة | 22 |
| 100 1# - المدخل الرئيسى - إسم شخصى | |
| الإسم الشخصى | عبد الله، أحمد، |
| الدور | مؤلف. |
| 245 12 - بيان العنوان | |
| العنوان | الأطفال الكادحون : |
| بقية العنوان | ظاهرة عمل الأطفال في مصر / |
| بيان المسئوليه,etc | د. أحمد عبد الله. |
| 264 #1 - النشر، التوزيع | |
| مكان الناشر او الموزع | القاهرة : |
| اسم الناشر او الموزع | مركز الجيل للدراسات الشبابية والاجتماعية، |
| تاريخ النشر أو التوزيع | [1995] |
| 300 ## - الوصف المادى | |
| التعداد | 94 صفحة ؛ |
| أبعاد الوعاء | 22 سم |
| 541 ## - تبصرة المصدر المباشر للتزويد | |
| مصدر التزويد | Book from store. |
| 650 #7 - المدخل الاضافى بالموضوع-مصطلح موضوعى | |
| مصطلح موضوعي أو اسم جغرافي كعنصر مدخل | الأطفال |
| التقسيم الفرعي العام | تشغيل |
| التقسيم الفرعي الجغرافي | مصر. |
| مصدر الرأس أو المصطلح | BUEsh |
| 9 (RLIN) | 20301 |
| 653 ## - مصطلح تكشيفى غير مقيد | |
| Resource For college | Generalities |
| Arrived date list | November2022 |
| 655 ## - مصطلح تكشيفى-نوع/شكل | |
| التقسيم الفرعي الشكلي | Reading book |
| 942 ## - عناصر المدخل الإضافي( كوها) | |
| Koha [default] item type | Book - Borrowing |
| مصدر التصنيف او مخطط الترفيف | Dewey Decimal Classification |
| حالة التراجع | حالة الفقد | مصدر التصنيف او خطة الترفيف | حالة تلف | ليس للاعارة | مجموعات كوها | المكان الدائم | المكان الحالي | موقع الترفيف | تاريخ الاكتساب | Source of acquisition | رقم الاستدعاء | الباركود | Date last seen | نوع الوعاء |
|---|---|---|---|---|---|---|---|---|---|---|---|---|---|---|
| Dewey Decimal Classification | Donation-Gift | Central Library | Central Library | First floor | 22/11/2022 | Donation | 331.310962 ع ب د | 000056502 | 15/07/2025 | Book - Borrowing |